[Event "Guillermo Garcia Premier 1"]
[Site "Santa Clara CUB"]
[Date "2017.05.24"]
[Round "8.2"]
[White "Jimenez Fraga,P"]
[Black "Garcia Guerrero,I"]
[Result "1-0"]
[WhiteElo "2432"]
[BlackElo "2332"]

1.e4 c5 2.Nf3 g6 3.d4 cxd4 4.Qxd4 Nf6 5.Bb5 a6 6.e5 axb5 7.exf6 Nc6 8.fxe7
Qxe7+ 9.Qe3 b4 10.Qxe7+ Bxe7 11.Bg5 Bxg5 12.Nxg5 Nd4 13.Kd2 O-O 14.Kd3 Nc6
15.Nd2 d5 16.Nb3 Re8 17.Nf3 Bf5+ 18.Kd2 Be4 19.Ne1 d4 20.f3 Bd5 21.Nd3 Ra7
22.Nbc1 b6 23.Re1 Rd8 24.b3 f6 25.Re2 Bf7 26.Nb2 g5 27.Na4 b5 28.Nc5 Rda8
29.Ne4 Kg7 30.Nd6 Rd7 31.Ne4 Rda7 32.Nc5 h6 33.Ne4 Kg6 34.Nd6 Rd7 35.Ne4 Rda7
36.Re1 Kg7 37.Rb1 Rd8 38.Nc5 Rd5 39.N1d3 Rxa2 40.Ra1 Ra3 41.Na6 Rd7 42.Naxb4
Rxa1 43.Rxa1 Ne7 44.Ra5 Nf5 45.Rxb5 Ne3 46.g4 Re7 47.Nc6 Nf1+ 48.Kd1 Rd7 49.h3
Rd6 50.Ne7 Ne3+ 51.Kd2 h5 52.Rc5 hxg4 53.hxg4 Rd7 54.Nc6 Nf1+ 55.Ke2 Nh2
56.Kf2 Bd5 57.Nxd4 Bb7 58.Rc4 Kg6 59.Nc5 Rh7 60.Nxb7 Rxb7 61.Kg2 Rh7 62.b4
{#r} 1-0

[Event "10th KIIT Elite Open 2017"]
[Site "Bhubaneswar IND"]
[Date "2017.05.27"]
[Round "3.28"]
[White "Roy Chowdhury,S"]
[Black "Nirav Y.,R"]
[Result "1-0"]
[WhiteElo "2326"]
[BlackElo "2036"]

1.e4 c5 2.Nf3 a6 3.d3 d6 4.g3 g6 5.Bg2 Bg7 6.c3 Nf6 7.O-O O-O 8.Nbd2 e5 9.a4
Nc6 10.Nc4 h6 11.Re1 Be6 12.Ne3 Kh7 13.Bd2 c4 14.Nxc4 Nxe4 15.Rxe4 d5 16.Rh4
Kg8 17.Ncxe5 g5 18.Nxc6 bxc6 19.Rb4 c5 20.Rb3 Qc7 21.a5 Rab8 22.Rxb8 Rxb8
23.h4 Rxb2 24.hxg5 h5 25.d4 Bg4 26.Rb1 Rxb1 27.Qxb1 c4 28.g6 {#r} 1-0

[Event "Bodensee Open 2017"]
[Site "Bregenz AUT"]
[Date "2017.05.24"]
[Round "5.8"]
[White "Balasubramaniam,H"]
[Black "Sergeev,Vl"]
[Result "0-1"]
[WhiteElo "2165"]
[BlackElo "2444"]

1.e4 c5 2.Nf3 a6 3.c3 Nf6 4.e5 Nd5 5.d4 cxd4 6.cxd4 e6 7.Be2 d6 8.O-O Be7
9.Nc3 Nxc3 10.bxc3 Nc6 11.Bf4 O-O 12.Bd3 dxe5 13.dxe5 b5 14.a4 bxa4 15.Rxa4
Qd7 16.Qc2 g6 17.h3 Rd8 18.Be4 Bb7 19.Rb1 a5 20.Rc4 Rac8 21.Qa4 Ba8 22.Rb6 Na7
23.Bxa8 Qxa4 24.Rxa4 Rxa8 25.Ra6 Nb5 26.R4xa5 Rxa6 27.Rxa6 Nxc3 28.Kh2 Ne4
29.Be3 Bc5 30.Bxc5 Nxc5 31.Ra2 Rd5 32.g3 Nd3 33.Re2 h6 34.h4 Kf8 35.Kg2 Ke7
36.Kf1 Rc5 37.Re3 Rc1+ 38.Ke2 Nb4 39.Rb3 Rc2+ 40.Kf1 Rc1+ 41.Kg2 Nd5 42.Rb7+
Kf8 43.Rb8+ Kg7 44.Rb7 Rd1 45.Rb2 Rd3 46.Rb7 Rd1 47.Rb2 Ra1 48.Rb7 Ra4 49.Nd2
g5 50.hxg5 hxg5 51.Nf3 Kg6 52.Rb8 g4 53.Nh2 Kg7 54.Rb2 Re4 55.Kf1 Kg6 56.Rb8
Ne7 57.Re8 Nc6 58.Rg8+ Kf5 59.Kg2 Nxe5 60.Nf1 Nc4 61.Rc8 Ke5 62.Rd8 Re2 63.Kg1
Rc2 64.Rc8 Rc1 65.Rc5+ Kd6 66.Rc8 Kd7 67.Rc5 f5 {#R} 0-1

[Event "TCh-FRA Top 12 2017"]
[Site "Chartres FRA"]
[Date "2017.05.23"]
[Round "6.5"]
[White "Solodovnichenko,Y"]
[Black "Nataf,IA"]
[Result "1-0"]
[WhiteElo "2576"]
[BlackElo "2535"]

1.e4 c5 2.Nf3 Nc6 3.Bb5 e6 4.Bxc6 bxc6 5.d3 Ne7 6.Qe2 Ng6 7.h4 h5 8.e5 f6
9.Qe4 Kf7 10.Nbd2 d5 11.exd6 Qxd6 12.Nb3 Qd5 13.Be3 Qxe4 14.dxe4 c4 15.Nbd2
Ba6 16.c3 Be7 17.Kd1 c5 18.Kc2 Bb5 19.Rhe1 a5 20.g3 Ba4+ 21.Kc1 Bc6 22.Bf4
Nxf4 23.gxf4 Rh6 24.Nxc4 Rg6 25.Ng5+ fxg5 26.fxg5 Kg8 27.Ne5 Be8 28.f4 Bd6
29.c4 Rd8 30.Kc2 Bxe5 31.fxe5 Rd4 32.Kc3 Bc6 33.Rad1 Rxe4 34.Rxe4 Bxe4 35.Rf1
Kh7 36.Kd2 Bd5 37.b3 Bg2 38.Rf2 Rxg5 39.hxg5 Bc6 40.Ke3 h4 41.Rh2 Kg6 42.Rxh4
{#r} 1-0

[Event "TCh-FRA Top 12 2017"]
[Site "Chartres FRA"]
[Date "2017.05.28"]
[Round "11.6"]
[White "Le Borgne,P"]
[Black "Edouard,R"]
[Result "0-1"]
[WhiteElo "2234"]
[BlackElo "2640"]

1.e4 c5 2.Nf3 Nc6 3.Bb5 e6 4.Bxc6 bxc6 5.d3 Ne7 6.Qe2 d5 7.c4 Ng6 8.O-O Bd6
9.exd5 cxd5 10.cxd5 O-O 11.dxe6 Bxe6 12.Nc3 Re8 13.Ng5 Rb8 14.Qh5 h6 15.Nge4
Bc7 16.Nxc5 Bc8 17.Qd5 Qh4 18.g3 Qh3 19.Qg2 Qh5 20.d4 Bh3 21.Qd5 Ne5 22.f4
Rbd8 23.Qb7 Ng4 24.Bd2 Rxd4 25.Qb5 Rb8 26.Qc6 Rxd2 27.Qxc7 Rg2+ 28.Kh1 Rxh2+
29.Kg1 Rh1+ {#R} 0-1

[Event "4th Gligoric Cup 2017"]
[Site "Novi Banovci SRB"]
[Date "2017.05.25"]
[Round "1.3"]
[White "Radlovacki,J"]
[Black "Popovic,ZoranM"]
[Result "1-0"]
[WhiteElo "2363"]
[BlackElo "2210"]

1.e4 c5 2.Nf3 Nc6 3.Bb5 e6 4.Bxc6 bxc6 5.O-O d5 6.d3 Qc7 7.Re1 g6 8.Nc3 Bb7
9.Na4 Nf6 10.Bg5 Nd7 11.Qd2 Bg7 12.Bh6 Bf6 13.Kh1 O-O-O 14.Rab1 Be7 15.Bf4 e5
16.exd5 Bd6 17.Bh6 cxd5 18.Ng5 Nb6 19.Nc3 Qd7 20.Bg7 Rhg8 21.Bf6 Be7 22.Nxh7
d4 23.Ne4 Nd5 24.Bxe7 Qxe7 25.Qg5 f6 26.Nhxf6 Nxf6 27.Qxf6 Qc7 28.Kg1 Kb8
29.Ng5 Rde8 30.Ne4 Rd8 31.Ng3 Rde8 32.c4 Ka8 33.Qg5 e4 34.Nxe4 Bxe4 35.Rxe4
Rxe4 36.Qd5+ {#r} 1-0

[Event "4th Gligoric Cup 2017"]
[Site "Novi Banovci SRB"]
[Date "2017.05.26"]
[Round "2.1"]
[White "Popovic,Du"]
[Black "Indjic,D"]
[Result "1-0"]
[WhiteElo "2523"]
[BlackElo "2291"]

1.e4 c5 2.Nf3 Nc6 3.Bb5 e6 4.O-O Nge7 5.c3 a6 6.Ba4 c4 7.Bc2 d5 8.b3 cxb3
9.axb3 Ng6 10.d4 Be7 11.Re1 O-O 12.e5 b5 13.b4 Bd7 14.Qd3 Re8 15.h4 Bxh4
16.Nxh4 Qxh4 17.Re3 a5 18.Rh3 Qd8 19.Qd1 axb4 20.Rxa8 Qxa8 21.Qh5 h6 22.Bxh6
Nce7 23.Bg5 Kf8 24.Qh7 Qa2 25.Bf6 {#r} 1-0

[Event "TCh-FRA Top 12 2017"]
[Site "Chartres FRA"]
[Date "2017.05.25"]
[Round "8.2"]
[White "Le Borgne,P"]
[Black "Libiszewski,F"]
[Result "0-1"]
[WhiteElo "2234"]
[BlackElo "2544"]

1.e4 c5 2.Nf3 Nc6 3.Bb5 g6 4.Bxc6 bxc6 5.O-O Bg7 6.Re1 Nh6 7.c3 O-O 8.h3 f5
9.e5 Nf7 10.d3 Ba6 11.c4 e6 12.Nc3 g5 13.Be3 h5 14.Bxc5 g4 15.Bxf8 Qxf8 16.Nh4
Nxe5 17.d4 Nxc4 18.Qa4 Qc8 19.Ng6 Kh7 20.Ne5 Nb6 21.Qa5 Bf6 22.hxg4 hxg4
23.Nxg4 Bxd4 24.Ne4 Nc4 25.Qb4 c5 26.Qb3 fxg4 27.Qg3 Qe8 28.b3 Bxa1 29.Rxa1
Qg6 30.Qh4+ Kg8 31.Nxc5 Nd6 32.Nxa6 Nf5 33.Qh2 g3 34.fxg3 Nxg3 35.Re1 Qg4
36.Qh6 Nf5 37.Qd2 Rf8 38.Qe2 Qh4 39.Qe4 Qg5 40.Rf1 Rf7 41.Qf4 Qg6 42.Qb8+ Kh7
43.Qh2+ Kg7 44.Qe5+ Qf6 45.Qxf6+ Kxf6 46.b4 Rg7 47.a4 Ke5 48.Nc5 Ne3 49.Rf2 d6
50.Nb3 d5 51.b5 Rc7 52.a5 Nc4 53.Re2+ Kf6 54.Nd4 e5 55.Rf2+ Ke7 56.Nc6+ Kd6
57.Rf6+ Kc5 58.Re6 e4 59.Ne7 e3 60.b6 axb6 61.axb6 Rb7 62.Rc6+ Kd4 63.Nf5+ Ke5
64.Nh4 Rxb6 65.Nf3+ Ke4 66.Rc8 Rb1+ 67.Kh2 e2 68.Re8+ Kd3 69.g4 Ne3 70.Ne5+
Kc2 71.Rc8+ Kd1 72.Nd3 Kd2 {#R} 0-1

[Event "TCh-FRA Top 12 2017"]
[Site "Chartres FRA"]
[Date "2017.05.25"]
[Round "8.6"]
[White "David,Alb"]
[Black "Cornette,M"]
[Result "0-1"]
[WhiteElo "2548"]
[BlackElo "2593"]

1.e4 c5 2.Nf3 Nc6 3.Bb5 g6 4.Bxc6 dxc6 5.d3 Bg7 6.h3 Nf6 7.Nc3 b6 8.Bf4 Nd7
9.Qd2 h6 10.O-O e5 11.Bg3 Qe7 12.Nh2 Nf6 13.Nf3 Nd7 14.a4 O-O 15.Rae1 Re8
16.b3 Nf8 17.Nd1 f6 18.Kh1 Ne6 19.Ng1 h5 20.Ne2 g5 21.Ne3 Nf4 22.Bh2 h4 23.Qd1
Be6 24.Ng1 Qd7 25.Qf3 Re7 26.Nf5 Bxf5 27.exf5 Nd5 28.Re4 Nb4 29.Rc1 Rd8 30.Ne2
Bh6 31.Qg4 b5 32.f3 c4 33.bxc4 bxa4 34.Bg1 Bf8 35.f4 exf4 36.Rxe7 Bxe7 37.Nxf4
a3 38.Ne6 a2 39.Bd4 Rb8 40.Qh5 Qe8 41.Qe2 Na6 42.Qd1 Rb7 43.Ra1 Nc7 44.Nxc7
Rxc7 45.Rxa2 Bd6 46.Ra1 Be5 47.Qe2 Re7 48.Rxa7 Bc7 {#R} 0-1

[Event "St Louis Spring Classic B"]
[Site "Saint Louis USA"]
[Date "2017.05.24"]
[Round "9.3"]
[White "Ali Marandi,C"]
[Black "Belous,V"]
[Result "1-0"]
[WhiteElo "2479"]
[BlackElo "2587"]

1.e4 c5 2.Nf3 Nc6 3.Bb5 g6 4.Bxc6 dxc6 5.d3 Bg7 6.h3 Nh6 7.a4 a5 8.Be3 Bxb2
9.Nbd2 Bg7 10.Rb1 b5 11.Qc1 c4 12.Nxc4 Ng4 13.hxg4 bxc4 14.Bh6 Bc3+ 15.Bd2 Bf6
16.e5 Bg7 17.Bh6 Bxh6 18.Qxh6 cxd3 19.Rd1 Qb6 20.cxd3 Qb4+ 21.Nd2 Ba6 22.O-O
Bxd3 23.Rfe1 Qxa4 24.Qg7 O-O-O 25.Rc1 Qf4 26.e6 Qxd2 27.Rxc6+ Kb7 28.Rec1 Bb5
29.Rc7+ Kb6 30.exf7 Qd4 31.Qh6 Rhf8 32.Rxe7 a4 33.Qg5 Rd7 34.Rxd7 Bxd7 35.Qe7
Rxf7 36.Qxf7 Bb5 37.Qxh7 Qxg4 38.Qc7+ Ka6 39.Qd6+ Ka5 40.Rc7 {#r} 1-0

[Event "Bodensee Open 2017"]
[Site "Bregenz AUT"]
[Date "2017.05.27"]
[Round "8.13"]
[White "Higatsberger,M"]
[Black "Schaefer,Mi1"]
[Result "1-0"]
[WhiteElo "2121"]
[BlackElo "2222"]

1.e4 c5 2.Nf3 Nc6 3.Bb5 g6 4.Bxc6 bxc6 5.O-O Bg7 6.Re1 Nh6 7.c3 O-O 8.d4 cxd4
9.cxd4 d5 10.e5 f6 11.Nbd2 Nf7 12.e6 Nd6 13.Qc2 Qb6 14.Nb3 Ne4 15.Nc5 f5
16.Rb1 h6 17.Bf4 Re8 18.Be5 Bf6 19.Re3 Nxc5 20.dxc5 Qb4 21.a3 Qg4 22.h3 Qh5
23.Rbe1 Bg5 24.Nxg5 hxg5 25.Bc3 Qh4 26.g4 Rf8 27.Rg3 Ba6 28.Bd4 Kh7 29.Re5 Rf6
30.Re1 Rff8 31.Kg2 Bc4 32.b3 Ba6 33.Qd2 Bb7 34.Qb4 Rfb8 35.Be5 f4 36.Rf3 Qh6
37.Rh1 Kg8 38.h4 gxh4 39.Bxb8 Rxb8 40.Qxf4 Qxf4 41.Rxf4 Bc8 42.Rb4 Ra8 43.Re1
g5 44.Re5 Kg7 45.Rxg5+ Kf6 46.Rg8 Kxe6 47.f4 Kf7 48.Rh8 h3+ 49.Kg3 Kf6 50.Rxh3
Be6 51.Rh6+ Kf7 52.f5 Bd7 53.Rh7+ {#r} 1-0

[Event "15th Somov Memorial 2017"]
[Site "Kirishi RUS"]
[Date "2017.05.25"]
[Round "8.2"]
[White "Nikitenko,M"]
[Black "Lobanov,Sergei"]
[Result "0-1"]
[WhiteElo "2408"]
[BlackElo "2429"]

1.e4 c5 2.Nf3 Nc6 3.Bb5 g6 4.O-O Bg7 5.Re1 e5 6.Nc3 Nge7 7.a4 O-O 8.d3 d6 9.h3
h6 10.Bc4 Kh8 11.Nd5 Nxd5 12.Bxd5 Ne7 13.Ba2 f5 14.c3 Bd7 15.b4 b6 16.Bb2 Bc6
17.b5 Bb7 18.Bb1 Rc8 19.Qe2 Qd7 20.Ba2 Rce8 21.Rad1 Kh7 22.Bb1 d5 23.Nd2 a6
24.Bc1 d4 25.cxd4 exd4 26.Ba2 axb5 27.axb5 Qxb5 28.Nc4 Qc6 29.Qb2 Nc8 30.f3
fxe4 31.Rxe4 Qa4 32.Bb3 Qd7 33.Rxe8 Rxe8 34.Bf4 b5 35.Na5 Ba6 36.Qa2 Nb6
37.Bf7 Rf8 38.Be6 Qe8 39.Bc7 c4 40.Re1 Rf6 41.Nxc4 Rxe6 42.Rxe6 Qxe6 43.Qxa6
bxc4 44.Qxb6 Qe3+ 45.Kh2 cxd3 {#R} 0-1

[Event "26th Chicago Open 2017"]
[Site "Chicago USA"]
[Date "2017.05.26"]
[Round "2.15"]
[White "Liang,Awonder"]
[Black "He,Anthony B"]
[Result "1-0"]
[WhiteElo "2488"]
[BlackElo "2307"]
[EventType "swiss"]

1.e4 c5 2.Nf3 Nc6 3.Bb5 g6 4.Bxc6 bxc6 5.O-O Bg7 6.Re1 Rb8 7.h3 Nf6 8.e5 Nd5
9.c4 Nc7 10.d4 cxd4 11.Qxd4 Rb7 12.Qh4 Ne6 13.Nc3 f6 14.Bh6 O-O 15.Bxg7 Kxg7
16.b3 Rb8 17.exf6+ Rxf6 18.Nd4 Nc5 19.Qg5 Nd3 20.Rxe7+ Qxe7 21.Nf5+ Rxf5
22.Qxe7+ Kg8 23.Qd6 Rb7 24.Qxd3 {#r} 1-0

[Event "26th Chicago Open 2017"]
[Site "Chicago USA"]
[Date "2017.05.26"]
[Round "3.10"]
[White "Santarius,E"]
[Black "Belous,V"]
[Result "0-1"]
[WhiteElo "2302"]
[BlackElo "2587"]
[EventType "swiss"]

1.e4 c5 2.Nf3 Nc6 3.Bb5 g6 4.Bxc6 bxc6 5.O-O Bg7 6.Re1 Nh6 7.c3 O-O 8.d4 cxd4
9.cxd4 d5 10.e5 f6 11.h3 Nf5 12.Nbd2 fxe5 13.dxe5 Qb6 14.Nb3 Nh4 15.Nfd4 c5
16.Bg5 Nxg2 17.Kxg2 cxd4 18.Qxd4 Qe6 19.Re3 Qf5 20.Qh4 Bxe5 21.Rae1 Bg7
22.Bxe7 d4 23.Bxf8 Bb7+ 24.Kh2 dxe3 25.Bxg7 Qf3 26.Qg3 exf2 27.Rf1 Qxg3+
28.Kxg3 Kxg7 29.Rxf2 Re8 30.Nd2 Re3+ 31.Kh2 h5 32.Nc4 Re1 33.Rd2 Kh6 34.Nd6
Bc6 35.h4 Kg7 36.Kg3 Rg1+ 37.Kf4 Kf6 38.Rf2 Ke6 39.Nc8 Rg4+ 40.Ke3 Bd7 41.Rc2
Rxh4 42.Nxa7 Ra4 43.Nc6 Rxa2 44.Nb4 Ra8 45.Nd3 Kf6 46.Rf2+ Bf5 47.Nf4 Rd8
48.Rh2 Re8+ 49.Kf2 Kg5 50.Nd5 Be4 51.Ne3 h4 52.Ng2 Bxg2 53.Rxg2+ Kh5 54.Kg1 g5
55.Rc2 h3 {#R} 0-1

[Event "26th Chicago Open 2017"]
[Site "Chicago USA"]
[Date "2017.05.28"]
[Round "6.25"]
[White "Sarkar,J"]
[Black "Daggupati,Balaji"]
[Result "1-0"]
[WhiteElo "2375"]
[BlackElo "2188"]
[EventType "swiss"]

1.e4 c5 2.Nf3 Nc6 3.Bb5 g6 4.Bxc6 bxc6 5.O-O Bg7 6.Re1 Nh6 7.c3 O-O 8.d4 cxd4
9.cxd4 d6 10.Nc3 Rb8 11.Bf4 f6 12.Qc1 Nf7 13.e5 fxe5 14.dxe5 Bg4 15.e6 Ne5
16.Nxe5 dxe5 17.Bxe5 Qb6 18.Bxb8 Qxf2+ 19.Kh1 Rxb8 20.Qg5 Rxb2 21.Qxg4 Bxc3
22.Rf1 Rxa2 23.Rad1 Qe2 24.Rf7 Bd4 25.Rb1 Bb6 26.Qh3 Qh5 27.Qc3 Qh6 28.Qxc6
{#r} 1-0

[Event "4th Gligoric Cup 2017"]
[Site "Novi Banovci SRB"]
[Date "2017.05.25"]
[Round "1.5"]
[White "Vujacic,Bo"]
[Black "Ugrcic,Z"]
[Result "1-0"]
[WhiteElo "2240"]
[BlackElo "2008"]

1.e4 c5 2.Nf3 Nc6 3.Bb5 g6 4.Bxc6 dxc6 5.d3 Bg7 6.h3 Nf6 7.Nc3 O-O 8.Be3 b6
9.Qd2 Re8 10.Bh6 Bh8 11.O-O Qc7 12.Ng5 Bg7 13.Bxg7 Kxg7 14.f4 Bd7 15.Rab1 e6
16.e5 Nd5 17.Nce4 h6 18.Nf3 Rad8 19.c4 Ne7 20.Qf2 Bc8 21.Nf6 Rh8 22.Rbd1 Nf5
23.g4 Nd4 24.Nd2 a5 25.Nde4 Qe7 26.Kh2 Qc7 27.Kg2 Qe7 28.Rfe1 Qc7 29.h4 Qe7
30.h5 gxh5 31.Nxh5+ Kf8 32.Rh1 Ba6 33.Nhf6 b5 34.b3 bxc4 35.bxc4 a4 36.g5 Nf5
37.Ng3 Rd4 38.Nxf5 exf5 39.Rxh6 Rxh6 40.gxh6 Bxc4 {#r} 1-0

[Event "TCh-FRA Top 12 2017"]
[Site "Chartres FRA"]
[Date "2017.05.23"]
[Round "6.6"]
[White "Hamdouchi,H"]
[Black "Dionisi,T"]
[Result "0-1"]
[WhiteElo "2586"]
[BlackElo "2392"]

1.e4 c5 2.Nf3 Nc6 3.d4 cxd4 4.Nxd4 e5 5.Nb5 d6 6.c4 Be7 7.N1c3 a6 8.Na3 Be6
9.g3 Bg5 10.Bxg5 Qxg5 11.Bg2 Qd8 12.O-O Nf6 13.Nd5 Nd4 14.Nc2 Nxc2 15.Qxc2 O-O
16.b4 Rc8 17.Rac1 a5 18.a3 axb4 19.axb4 Bxd5 20.exd5 Qb6 21.Qc3 Nd7 22.g4 g6
23.g5 Qd8 24.Qe3 f5 25.gxf6 Nxf6 26.Bh3 Rc7 27.Be6+ Kg7 28.f4 exf4 29.Qxf4 Nh5
30.Qd4+ Kh6 31.Qe3+ Nf4 32.Kh1 Qf6 33.Rc2 g5 34.c5 Kg7 35.Rcf2 h6 36.cxd6 Rc3
37.Qe4 b5 38.d7 Rc4 39.Rxf4 {#R} 0-1

[Event "ch-Flemish 2017"]
[Site "Ghent BEL"]
[Date "2017.05.28"]
[Round "7.2"]
[White "Cools,G"]
[Black "Dardha,Daniel"]
[Result "1-0"]
[WhiteElo "2319"]
[BlackElo "2126"]

1.e4 c5 2.Nf3 Nc6 3.d4 cxd4 4.Nxd4 e5 5.Nb5 d6 6.g3 Be6 7.Bg2 Be7 8.N1c3 a6
9.Na3 Nf6 10.Nd5 Bxd5 11.exd5 Nb8 12.O-O O-O 13.Be3 Nbd7 14.c3 Rc8 15.Nc2 Ne8
16.a4 Bg5 17.a5 Bxe3 18.Nxe3 f5 19.f4 e4 20.Nc2 g6 21.Nd4 Ng7 22.Qb3 Nc5
23.Qa2 Nd3 24.Rfd1 g5 25.Bf1 gxf4 26.Bxd3 exd3 27.Rxd3 Kh8 28.Ne6 Nxe6 29.dxe6
fxg3 30.hxg3 Rc5 31.Re1 Qe7 32.b4 Re5 33.Rxe5 dxe5 34.Qd5 Qg7 35.Qd7 Qg6 36.e7
Rg8 37.Qc7 Qg7 38.Kf1 Qf6 39.Rd8 Qe6 40.Rxg8+ Kxg8 41.Qd8+ Kf7 42.Qf8+ {#r}
1-0

[Event "TCh-FRA Top 12 2017"]
[Site "Chartres FRA"]
[Date "2017.05.24"]
[Round "7.5"]
[White "Marchadour,E"]
[Black "Aflalo,S"]
[Result "0-1"]
[WhiteElo "2097"]
[BlackElo "2135"]

1.e4 c5 2.Nf3 Nc6 3.d4 cxd4 4.Nxd4 Nf6 5.Nc3 e5 6.Ndb5 d6 7.Bg5 a6 8.Na3 b5
9.Nd5 Be7 10.Bxf6 Bxf6 11.c4 b4 12.Nc2 O-O 13.Bd3 Bg5 14.O-O a5 15.Nce3 Nd4
16.f4 exf4 17.Nxf4 Nc6 18.Kh1 Ne5 19.Nfd5 Be6 20.Be2 Rb8 21.Nf5 Kh8 22.Qd4 g6
23.Nfe3 Bh6 24.Rad1 Bg7 25.Qd2 Qc8 26.b3 Qc5 27.Qe1 Rb7 28.Qh4 a4 29.Nf6 h6
30.Ned5 axb3 31.axb3 Ra7 32.Nf4 g5 33.Nxe6 fxe6 34.Qh3 Raf7 35.Ng4 Rxf1+
36.Rxf1 Rxf1+ 37.Bxf1 Nxg4 38.Qxg4 Qf2 39.Qf3 Qc2 40.e5 dxe5 41.Qd3 Qf2 42.Qf3
Qe1 43.Qe2 Qc1 44.g3 e4 45.Kg2 e3 46.Qf3 Qd2+ 47.Kh3 Qd4 48.Bg2 g4+ {#R} 0-1

[Event "ch-Flemish 2017"]
[Site "Ghent BEL"]
[Date "2017.05.26"]
[Round "3.5"]
[White "Bomans,A"]
[Black "Mitran,Anthony Cristian"]
[Result "1-0"]
[WhiteElo "2293"]
[BlackElo "2046"]

1.e4 c5 2.Nf3 Nc6 3.d4 cxd4 4.Nxd4 Nf6 5.Nc3 e5 6.Ndb5 d6 7.Bg5 a6 8.Bxf6 gxf6
9.Na3 b5 10.Nd5 Bg7 11.c3 O-O 12.Nc2 f5 13.exf5 Bxf5 14.Nce3 Be6 15.Be2 Ne7
16.a4 Nxd5 17.Nxd5 Rb8 18.axb5 axb5 19.O-O e4 20.Nf4 d5 21.Bg4 Qd6 22.Bxe6
fxe6 23.Nh5 Be5 24.Ra7 Ra8 25.Rxa8 Rxa8 26.f4 exf3 27.Qxf3 Bxh2+ 28.Kh1 Be5
29.Qf7+ Kh8 30.g3 Rg8 31.Rf4 d4 32.Nf6 Bxf6 33.Qxf6+ Rg7 34.Rxd4 Qc6+ 35.Kh2
h5 36.Qh6+ Kg8 37.Rd8+ Kf7 38.Qf4+ Kg6 39.Rh8 Rh7 40.Rg8+ Rg7 41.Rf8 Qd5
42.Rf6+ Kh7 43.Qh6+ Kg8 44.Rxe6 h4 45.Re8+ Kf7 46.Re7+ Kxe7 47.Qxg7+ Ke8
48.gxh4 Qd2+ 49.Qg2 Qf4+ 50.Kg1 Qc1+ 51.Kh2 Qf4+ 52.Kh3 Qf5+ 53.Kg3 Qe5+
54.Kh3 Qf5+ 55.Qg4 Qf1+ 56.Kg3 Qe1+ 57.Kf4 Qd2+ 58.Ke5 Qxb2 59.Qb4 Qh2+ 60.Kd5
Qd2+ 61.Kc5 Qe3+ 62.Kxb5 Qe5+ 63.Ka4 Qf6 64.Qc4 Kf8 65.Kb5 Qd8 66.Qc5+ Kf7
67.Qh5+ Ke6 68.Qg6+ {#r} 1-0

[Event "Guillermo Garcia Premier 2"]
[Site "Santa Clara CUB"]
[Date "2017.05.24"]
[Round "8.3"]
[White "Borges Feria,Y"]
[Black "Quesada Vera,L"]
[Result "1-0"]
[WhiteElo "2418"]
[BlackElo "2423"]

1.e4 c5 2.Nf3 Nc6 3.d4 cxd4 4.Nxd4 g6 5.Nc3 Bg7 6.Be3 Nf6 7.Bc4 d6 8.f3 Qb6
9.Bb5 Qc7 10.Nd5 Nxd5 11.exd5 a6 12.Ba4 b5 13.Nxc6 bxa4 14.Bd4 Bxd4 15.Qxd4
O-O 16.Qxa4 Bb7 17.O-O-O Rfc8 18.Na5 Rab8 19.Nxb7 Qxb7 20.Qd4 Rc5 21.Rhe1 Qc7
22.Re2 Rbb5 23.Qe4 Kf8 24.Rde1 Rxd5 25.Qxe7+ Qxe7 26.Rxe7 Re5 27.R7xe5 dxe5
28.c4 Rc5 29.b3 f5 30.Kd2 Ke7 31.Kc3 Ke6 32.b4 Rc8 33.a4 Kd6 34.c5+ Ke6 35.Kc4
{#r} 1-0

[Event "ch-Flemish 2017"]
[Site "Ghent BEL"]
[Date "2017.05.26"]
[Round "4.5"]
[White "Draftian,A"]
[Black "Hamblok,R"]
[Result "0-1"]
[WhiteElo "2242"]
[BlackElo "2312"]

1.e4 c5 2.Nc3 g6 3.Nf3 Bg7 4.d4 cxd4 5.Nxd4 Nc6 6.Be3 Nf6 7.Bc4 O-O 8.f3 Qb6
9.Ncb5 a6 10.Nf5 Qd8 11.Nxg7 axb5 12.Bb3 Kxg7 13.Qd2 Kg8 14.h4 Qa5 15.c3 b4
16.h5 bxc3 17.bxc3 Nxh5 18.g4 Nf6 19.Bg5 Ne5 20.Rh3 Nxf3+ 21.Rxf3 Nxe4 22.Qf4
Nxg5 23.Re3 d6 24.Rd1 Be6 25.Bd5 Bxd5 26.Qxg5 Bf3 {#R} 0-1

[Event "ch-Flemish 2017"]
[Site "Ghent BEL"]
[Date "2017.05.28"]
[Round "7.6"]
[White "Draftian,A"]
[Black "Maddens,M"]
[Result "1-0"]
[WhiteElo "2242"]
[BlackElo "2210"]

1.e4 c5 2.Nc3 g6 3.Nf3 Bg7 4.d4 cxd4 5.Nxd4 Nc6 6.Be3 Nf6 7.Bc4 O-O 8.Bb3 Ng4
9.Qxg4 Nxd4 10.Qd1 Nc6 11.h4 b5 12.h5 b4 13.hxg6 hxg6 14.Qg4 e6 15.Nb5 Qf6
16.Qh3 Rd8 17.Qh7+ Kf8 18.Bc5+ Ne7 19.Bxb4 Qxb2 20.O-O Qf6 21.e5 Qg5 22.f4 Qh6
23.Qxh6 Bxh6 24.Ba5 Ba6 25.Bxd8 Bxb5 26.Bxe7+ Kxe7 27.c4 Bc6 28.g4 Rh8 29.Bd1
Ke8 30.Rb1 Bf8 31.Rb8+ Ke7 32.Bf3 Rh4 33.Bxc6 Rxg4+ 34.Bg2 {#r} 1-0

[Event "36th Zalakaros Open 2017"]
[Site "Zalakaros HUN"]
[Date "2017.05.23"]
[Round "6.1"]
[White "Nabaty,T"]
[Black "Papp,Ga"]
[Result "1-0"]
[WhiteElo "2640"]
[BlackElo "2592"]

1.c4 c5 2.Nf3 g6 3.d4 cxd4 4.Nxd4 Nc6 5.e4 Nf6 6.Nc3 d6 7.Be2 Nxd4 8.Qxd4 Bg7
9.Be3 O-O 10.Qd2 a5 11.O-O a4 12.Bd4 Qa5 13.Rad1 Be6 14.f4 Rfe8 15.Qe3 Bg4
16.e5 Bxe2 17.Qxe2 Nd7 18.Nb5 Nf8 19.Qf2 Ne6 20.Bc3 Qd8 21.f5 gxf5 22.exd6
Bxc3 23.bxc3 f4 24.d7 Rf8 25.Rd5 Kh8 26.Nd4 Ra5 27.Nxe6 fxe6 28.Qd4+ Kg8
29.Rxa5 Qxa5 30.Rxf4 {#r} 1-0

[Event "36th Zalakaros Open 2017"]
[Site "Zalakaros HUN"]
[Date "2017.05.23"]
[Round "6.23"]
[White "Ivic,Velimir"]
[Black "Nguyen,P"]
[Result "1-0"]
[WhiteElo "2345"]
[BlackElo "2453"]

1.e4 c5 2.Nf3 g6 3.d4 cxd4 4.Nxd4 Nc6 5.c4 Nf6 6.Nc3 d6 7.Be2 Nxd4 8.Qxd4 Bg7
9.O-O O-O 10.Qd3 a5 11.Be3 a4 12.Bd4 Be6 13.f4 Qa5 14.Rab1 Bd7 15.e5 Bf5
16.exf6 Bxd3 17.fxg7 Bxb1 18.gxf8=Q+ Kxf8 19.Rxb1 Qf5 20.Be3 Qc2 21.a3 Rc8
22.Bd1 Qd3 23.Kf2 Rxc4 24.Rc1 Qf5 25.Bxa4 Rxf4+ 26.Kg1 Rh4 27.h3 g5 28.Bc2 Qa5
29.Bf2 Rh6 30.Rd1 Qe5 31.Bd4 Qe6 32.Rf1 Qc4 33.Be3 Re6 34.Bf2 d5 35.Rd1 g4
36.hxg4 Qxg4 37.Rxd5 Qf4 38.Rd1 Rh6 39.Be4 Qh2+ 40.Kf1 Rd6 41.Bxb7 Qh1+ 42.Ke2
Re6+ 43.Be3 Qh6 44.Be4 Qh4 45.Bf3 f5 46.Rd8+ Kg7 47.Kd2 Qg3 48.Ne2 Qc7 49.Rd5
Rd6 50.Bd4+ Kh6 51.Nc3 Rxd5 52.Nxd5 Qd6 53.Kc2 e5 54.Be3+ Kg6 55.b4 Qa6 56.Nc3
Qxa3 57.b5 Qb4 58.Bc6 Kh5 59.b6 e4 60.b7 Kg4 61.Ba7 Kg3 62.b8=Q+ Qxb8 63.Bxb8+
Kxg2 64.Nxe4 fxe4 65.Bxe4+ {#r} 1-0

[Event "36th Zalakaros Open 2017"]
[Site "Zalakaros HUN"]
[Date "2017.05.24"]
[Round "7.21"]
[White "Horvath,Ad1"]
[Black "Hemant,S2"]
[Result "1-0"]
[WhiteElo "2469"]
[BlackElo "2380"]

1.e4 c5 2.Nf3 g6 3.d4 cxd4 4.Nxd4 Nc6 5.c4 Nf6 6.Nc3 Nxd4 7.Qxd4 d6 8.Be2 Bg7
9.Be3 O-O 10.Qd2 a5 11.f3 a4 12.Kf2 Qa5 13.Rac1 Bd7 14.Nd5 Nxd5 15.Qxa5 Rxa5
16.cxd5 Bb5 17.Bd2 Bd4+ 18.Ke1 Bxe2 19.Bxa5 Ba6 20.Kd2 f5 21.Bc3 Bf2 22.e5 f4
23.Kc2 dxe5 24.Bxe5 Be3 25.Rcd1 Be2 26.Rde1 Bc4 27.b3 Bxd5 28.Rd1 axb3+
29.axb3 Be6 30.Bd4 Bf5+ 31.Kb2 Rc8 32.Bxe3 Rc2+ 33.Ka3 fxe3 34.g4 Be6 35.Rd3
Re2 36.Rc1 Kf7 37.Rc5 h5 38.Re5 hxg4 39.Rdxe3 Rxe3 40.Rxe3 gxf3 41.Rxf3+ Bf5
42.Re3 Kf6 43.Kb4 e5 44.Kc5 Ke6 45.b4 b6+ 46.Kc4 Kd6 47.h4 b5+ 48.Kc3 Kd5
49.Kd2 Kd4 50.Rc3 Be4 51.Rc5 Bd3 52.Rc6 Be4 53.Rf6 Kc4 54.Ke3 Bb1 55.Rf1 Bc2
56.Kd2 Be4 57.Rg1 Bf5 58.Rg5 Bb1 59.Rxe5 Kxb4 60.Re1 Ba2 61.Rg1 Bf7 62.Rf1 Ba2
63.Kc1 Bc4 64.Rf6 Bd3 65.Kd2 Bb1 66.Rf1 Ba2 67.Rg1 Bf7 68.Ke3 Ka3 69.Rf1 Ba2
70.Kd2 b4 71.Rf6 Bb1 72.Kc1 Be4 73.Rf4 Bd5 74.Rd4 Bc6 75.Rd6 Be4 76.Re6 Bf5
77.Ra6+ Kb3 78.Rf6 Bd3 79.Kd2 Bb1 80.Rf4 Ka4 81.Kc1 Bd3 82.Kb2 Be2 83.Re4 Bd3
84.Rd4 Bf5 85.Rd8 Be4 86.Re8 Bf5 87.Re7 Bd3 88.Re5 Bc4 89.Re7 Bd3 90.Ra7+ Kb5
91.Kb3 Bc4+ 92.Kc2 Kc5 93.Rg7 Be6 94.Kb2 Bf5 95.h5 {#r} 1-0

[Event "36th Zalakaros Open 2017"]
[Site "Zalakaros HUN"]
[Date "2017.05.26"]
[Round "9.33"]
[White "Manea,Al"]
[Black "Cebalo,M"]
[Result "1-0"]
[WhiteElo "2410"]
[BlackElo "2320"]

1.Nf3 c5 2.c4 g6 3.d4 cxd4 4.Nxd4 Nc6 5.e4 Nf6 6.Nc3 Nxd4 7.Qxd4 d6 8.Be2 Bg7
9.Be3 O-O 10.Qd2 a5 11.O-O a4 12.Rad1 Qa5 13.Bd4 Be6 14.f4 Rfc8 15.b3 axb3
16.axb3 b5 17.f5 b4 18.fxe6 bxc3 19.exf7+ Kxf7 20.Bxc3 Qb6+ 21.Bd4 Qxb3 22.Rb1
Ra2 23.Qg5 Qc2 24.Qd5+ Ke8 25.Bxf6 Qxe2 26.Qb5+ Kd8 27.Qb6+ Kd7 28.Qb5+ Rc6
29.Qb7+ Ke6 30.Qxe7# 1-0